Unlocking Nestle's Cold Vending Potential / (Record no. 3924)

MARC details
000 -LEADER
fixed length control field 00810nam a2200181 a 4500
005 - DATE AND TIME OF LATEST TRANSACTION
control field 20260112063311.0
039 ## - LEVEL OF BIBLIOGRAPHIC CONTROL AND CODING DETAIL [OBSOLETE]
Level of rules in bibliographic description 201211120441
Level of effort used to assign nonsubject heading access points staff
Level of effort used to assign subject headings 201211120141
Level of effort used to assign classification staff
Level of effort used to assign subject headings 201211120139
Level of effort used to assign classification staff
Level of effort used to assign subject headings 201211050613
Level of effort used to assign classification staff
-- 201211050611
-- staff
082 ## - DEWEY DECIMAL CLASSIFICATION NUMBER
Classification number 658.8342
Item number RAL
100 ## - MAIN ENTRY--PERSONAL NAME
Personal name Ralhan
Numeration Gaurav (2010PGP095)
245 ## - TITLE STATEMENT
Title Unlocking Nestle's Cold Vending Potential /
Statement of responsibility, etc. Gaurav Ralhan
260 ## - PUBLICATION, DISTRIBUTION, ETC.
Place of publication, distribution, etc. Shillong:
Name of publisher, distributor, etc. Rajiv Gandhi Indian Institute of Management
Date of publication, distribution, etc. 2011
300 ## - PHYSICAL DESCRIPTION
Extent 37p.:
Other physical details ill. fig, table;
Dimensions 29cm
490 ## - SERIES STATEMENT
Series statement Summer Internship Report submitted in partial fulfillment of the requirements for the award of the post Graduate Diploma in Management (2010-2012)
650 ## - SUBJECT ADDED ENTRY--TOPICAL TERM
Topical term or geographic name entry element Consumer Behaviour
General subdivision Marketing
991 ## -
-- VIRTUA40
991 ## -
-- VTLSSORT0080*0820*1000*2450*2600*3000*4900*6500*9992
909 ## -
-- 4438
Holdings
Withdrawn status Lost status Damaged status Not for loan Home library Current library Date acquired Total checkouts Full call number Barcode Copy number Koha item type
        Indian Institute Of Management, Shillong Indian Institute Of Management, Shillong 05/11/2012   658.8342 RAL 0010474   Reports
Copyright © 2026 Indian Institute of Management Shillong. All Rights Reserved.